| 000 | 00943nam a22002417a 4500 | ||
|---|---|---|---|
| 999 |
_c4361 _d4361 |
||
| 003 | AR-CdUCM | ||
| 008 | 190308b ||||| |||| 00| 0 spa d | ||
| 040 |
_aMUNICIPALIDAD PROVINCIAL DEL CUSCO _cBIBLIOTECA MUNICIPAL DEL CUSCO |
||
| 082 |
_a709.85 / _bAR78 |
||
| 110 |
_a Banco de Crédito del Perú _92412 |
||
| 245 | _aArte precolombino / | ||
| 260 |
_aLima : _bBanco de Crédito del Perú, _c1978. _c1979. |
||
| 300 | _a3 tomos ; | ||
| 500 | _at.2: 171 páginas t.3: 177 páginas | ||
| 505 | _aContenido: t.2: ESCULTURA Y DISEÑO -- La piedra -- La arcilla -- El metal -- La madera, el hueso y la concha -- t.3: PINTURA -- La pintura peruana precolombina -- Pintura peruana precolombina precursora del arte moderno. | ||
| 650 |
_aArte precolombino-Perú _913771 |
||
| 650 |
_aPintura _93081 |
||
| 650 |
_aAmérica Latina _91130 |
||
| 650 |
_aSiglos VII-XXI _913772 |
||
| 650 |
_aEnsayos _9375 |
||
| 942 |
_2ddc _cLIBROS |
||
| 945 | _azta | ||